000 01020cam a2200277 a 4500
001 3788839
005 20170105102346.0
008 850711s1986 maua b 001 0 eng
010 _a 84052450
020 _a9788175968110
040 _aDLC
_cDLC
_dDLC
050 0 0 _aQA37.2
_b.S87 1986
082 0 0 _a512.5
_219
100 1 _aStrang, Gilbert.
245 1 0 _aIntroduction to linear algebra
_cGilbert Strang.
260 _aWellesley, Mass. :
_bWellesley-Cambridge Press
_c2009
300 _aix, 574 p. :
_bill. ;
_c25 cm.
500 _aIncludes index.
504 _aBibliography: p. [738]-739.
650 0 _aMathematics.
856 4 2 _3Publisher description
_uhttp://www.loc.gov/catdir/enhancements/fy0914/84052450-d.html
856 4 1 _3Table of contents only
_uhttp://www.loc.gov/catdir/enhancements/fy0914/84052450-t.html
856 4 2 _3Contributor biographical information
_uhttp://www.loc.gov/catdir/enhancements/fy0914/84052450-b.html
906 _a7
_bcbc
_corignew
_d1
_eocip
_f19
_gy-gencatlg
942 _2ddc
_cBK
999 _c11718
_d11718